Biblioteca y Centro de Documentación

Decimoctavo informe anual sobre el control de la aplicacion del Derecho comunitario (2000) (Registro nro. 12719)

Detalles MARC
000 -CABECERA
Longitud fija campo de control 01561nam a2200385 c 4500
001 - NÚMERO DE CONTROL
Número de control 12719
003 - IDENTIFICADOR DE NÚMERO DE CONTROL
Identificador del número de control ES-MaCES
005 - FECHA Y HORA DE LA ÚLTIMA TRANSACCIÓN
Fecha y hora de la última transacción 20160629131859.0
008 - CAMPO FIJO DE DESCRIPCIÓN FIJA--INFORMACIÓN GENERAL
Códigos de información de longitud fija   010918s2001 lu d i000 | spa d
035 ## - NÚMERO DE CONTROL DEL SISTEMA
Número de control del sistema CES20010013846m
040 ## - FUENTE DE CATALOGACIÓN
Centro catalogador de origen ES-MaCES
Lengua de catalogación spa
Centro transcriptor ES-MaCES
110 2# - ENCABEZAMIENTO PRINCIPAL--NOMBRE CORPORATIVO
9 (RLIN) 2014
Nombre de entidad corporativa o nombre de jurisdicción como elemento inicial Comisión de las Comunidades Europeas
245 10 - MENCIÓN DE TÍTULO
Título Decimoctavo informe anual sobre el control de la aplicacion del Derecho comunitario (2000)
Nombre de parte o sección de la obra V. I
260 ## - PUBLICACIÓN, DISTRIBUCIÓN, ETC (PIE DE IMPRENTA)
Lugar de publicación, distribución, etc. Luxemburgo
Nombre del editor, distribuidor, etc. Oficina de Publicaciones Oficiales de las Comunidades Europeas
Fecha de publicación, distribución, etc. 2001
300 ## - DESCRIPCIÓN FÍSICA
Extensión 1 v. (pág. var.)
Otras características físicas gráf.
Dimensiones 30 cm
490 1# - MENCIÓN DE SERIE
Mención de serie COM(01)
Designación de volumen o secuencia 309 final
500 ## - NOTA GENERAL
Nota general Tít. tomado de la cub.
541 ## - NOTA DE LA FUENTE INMEDIANTE DE ADQUISICIÓN
Forma de adquisición Suscripción conjunta
650 #4 - ASIENTO SECUNDARIO DE MATERIA--TÉRMINO DE MATERIA
Término de materia o nombre geográfico como elemento inicial derecho comunitario
9 (RLIN) 29866
650 #4 - ASIENTO SECUNDARIO DE MATERIA--TÉRMINO DE MATERIA
Término de materia o nombre geográfico como elemento inicial campo de aplicación
9 (RLIN) 30263
650 #4 - ASIENTO SECUNDARIO DE MATERIA--TÉRMINO DE MATERIA
Término de materia o nombre geográfico como elemento inicial sector económico
9 (RLIN) 30015
650 #4 - ASIENTO SECUNDARIO DE MATERIA--TÉRMINO DE MATERIA
Término de materia o nombre geográfico como elemento inicial mecanismo de control
9 (RLIN) 29918
650 #4 - ASIENTO SECUNDARIO DE MATERIA--TÉRMINO DE MATERIA
Término de materia o nombre geográfico como elemento inicial 2000
9 (RLIN) 30991
650 #4 - ASIENTO SECUNDARIO DE MATERIA--TÉRMINO DE MATERIA
Término de materia o nombre geográfico como elemento inicial informe
9 (RLIN) 28986
653 10 - TÉRMINO DE INDEXACIÓN--NO CONTROLADO
Término no controlado Derecho comunitario
650 #4 - ASIENTO SECUNDARIO DE MATERIA--TÉRMINO DE MATERIA
9 (RLIN) 29020
Término de materia o nombre geográfico como elemento inicial país de la UE
650 #4 - ASIENTO SECUNDARIO DE MATERIA--TÉRMINO DE MATERIA
9 (RLIN) 26752
Término de materia o nombre geográfico como elemento inicial UE
787 0# - ENTRADA DE OTRAS ESPECIFICACIONES
Título Comunicación de la Comisión sobre la mejora del control de la aplicación del Derecho comunitario
Número de control del registro relacionado (ES-MaCES)14611
787 0# - ENTRADA DE OTRAS ESPECIFICACIONES
Título Vigésimo informe anual sobre el control de la aplicación del Derecho comunitario (2002)
Número de control del registro relacionado (ES-MaCES)16204
787 0# - ENTRADA DE OTRAS ESPECIFICACIONES
Título Decimosexto informe anual sobre el control de la aplicación del Derecho Comunitario (1998)
Número de control del registro relacionado (ES-MaCES)9324
830 #0 - ENCABEZAMIENTO SECUNDARIO DE COLECCIÓN--TÍTULO UNIFORME
Título uniforme COM(01)
Designación de volumen o secuencia 309 final
9 (RLIN) 33547
902 ## - CES. TIPO DE DOCUMENTO
Tipodoc (006$c Sirtex) DOC Literatura gris
942 ## - ELEMENTOS KOHA
Fuente de clasificaión o esquema Clasificación propia del CES
Koha [por defecto] tipo de item Monografías
Parte de clasificación 6.0.5.
Existencias
Número de registro Signatura completa Tipo de item de Koha
044087 COM(01)309F, (V.1) Monografías
© CES, Consejo Económico y Social de España 2021